<?xml version="1.0" encoding="UTF-8"?>
<collection xmlns:xsi="http://www.w3.org/2001/XMLSchema-instance" xsi:schemaLocation="http://www.loc.gov/MARC21/slim http://www.loc.gov/standards/marcxml/schema/MARC21slim.xsd" xmlns="http://www.loc.gov/MARC21/slim">
 <record>
  <leader>00000ctm a22000003a 4500</leader>
  <controlfield tag="001">UP-1685523046126318258</controlfield>
  <controlfield tag="003">Buklod</controlfield>
  <controlfield tag="005">20170519154108.0</controlfield>
  <controlfield tag="006">m    |o  d |      </controlfield>
  <controlfield tag="007">cr |||||||||||</controlfield>
  <controlfield tag="008">170519s        xx     d     r    |||| u|</controlfield>
  <datafield tag="035" ind1=" " ind2=" ">
   <subfield code="a">(iLib)UPMNL-00015383219</subfield>
  </datafield>
  <datafield tag="040" ind1=" " ind2=" ">
   <subfield code="a">UPDent</subfield>
  </datafield>
  <datafield tag="041" ind1=" " ind2=" ">
   <subfield code="a">eng</subfield>
  </datafield>
  <datafield tag="090" ind1=" " ind2="0">
   <subfield code="a">LG 993.5 2016 D4 A37</subfield>
  </datafield>
  <datafield tag="100" ind1="1" ind2=" ">
   <subfield code="a">Aquino, Marjorie Christy A.</subfield>
  </datafield>
  <datafield tag="245" ind1="0" ind2="0">
   <subfield code="a">Comparison of enzymax pax and sodium hypochlorite as dental unit waterline disinfectant in UPCD clinics</subfield>
   <subfield code="c">Marjorie Christy A. Aquino, Tiffany Joy S.Chan, Anjo S. Remolacio; Elizabeth G. De Castro, Faculty Co-Author.</subfield>
  </datafield>
  <datafield tag="300" ind1=" " ind2=" ">
   <subfield code="a">44 leaves.</subfield>
  </datafield>
  <datafield tag="502" ind1=" " ind2=" ">
   <subfield code="a">Seminar Paper--Doctor of Dental Medicine--University of the Philippines Manila.</subfield>
  </datafield>
  <datafield tag="520" ind1="3" ind2=" ">
   <subfield code="a">INTRODUCTION:One-step, self-etch adhesives (SEA) have become increasingly popular because of the simplified application technique. Furthermore, SEAs are reported to perform comparatively to etch-and-rinse (ER) and self-etch primer (SEP) systems. The ability of SEA systems to perform as well as the other systems in vivo can be attributed to several factors including surface pretreatment with 37% phosphoric acid. The present study compared the enamel and dentin SBS of a SEA system following the manufacturer?s instruction and the same SEA with surface pretreatment using 37% phosphoric acid prior to application.</subfield>
  </datafield>
  <datafield tag="520" ind1="3" ind2=" ">
   <subfield code="a">METHODS: 40 bovine mandibular incisors were ground flat to obtain enamel and dentin substrates. A one-step SEA (3M Single Bond Universal Adhesive) was applied with and without preliminary acid etching to both enamel and dentin. The prepared specimens were equally and randomly assigned to 4 groups as follows: group 1 (enamel unetched), group 2 (enamel etched), group 3 (dentin unetched) and group 4 (dentin etched). Composite cylinders (3M Filtek Z250XT) were bonded onto the treated tooth structure. The shear bond strength was evaluated after 24 hours of storage (room temperature) with a testing machine (Shimadzu Autograph AG-X) at a speed of 1 mm/min. The data was analyzed using a one-way ANOVA with a significance level of p&lt;0.05.</subfield>
  </datafield>
  <datafield tag="520" ind1="3" ind2=" ">
   <subfield code="a">RESULTS:Preliminary acid etching resulted in higher mean SBS for both enamel and dentin substrates. However, data analysis using one-way ANOVA showed that the differences are not statistically significant.The higher bond strength values on etched enamel can be explained by an increase in enamel porosity which leads to increased resin tag formation and micromechanical retention. At dentin, histologic findings show that 37% phosphoric acid results in removal of smear layer and demineralization of dentin surface which contribute to improved bond strength due to the formation of resin tags and thick hybrid layer.</subfield>
  </datafield>
  <datafield tag="520" ind1="3" ind2=" ">
   <subfield code="a">CONCLUSION: Preliminary acid etching of enamel and dentin prior to application of a one-step SEA (3M Single Bond Universal Adhesive) could increase the mean SBS, but the increase is not statistically significant.</subfield>
  </datafield>
  <datafield tag="520" ind1="3" ind2=" ">
   <subfield code="a">KEYWORDS: one-step self-etch adhesive, composite, shear bond strength, etching,bovine teeth</subfield>
  </datafield>
  <datafield tag="653" ind1=" " ind2=" ">
   <subfield code="a">Sodium hypochlorite.</subfield>
  </datafield>
  <datafield tag="653" ind1=" " ind2=" ">
   <subfield code="a">Enzymax pax.</subfield>
  </datafield>
  <datafield tag="653" ind1=" " ind2=" ">
   <subfield code="a">Disinfectant.</subfield>
  </datafield>
  <datafield tag="653" ind1=" " ind2=" ">
   <subfield code="a">Dental Unit Waterlines (DUWL).</subfield>
  </datafield>
  <datafield tag="700" ind1="1" ind2="2">
   <subfield code="a">Chan, Tiffany Joy S.</subfield>
  </datafield>
  <datafield tag="700" ind1="1" ind2="2">
   <subfield code="a">Remolacio, Anjo S.</subfield>
  </datafield>
  <datafield tag="700" ind1="1" ind2="2">
   <subfield code="a">De Castro, Elizabeth G.</subfield>
  </datafield>
  <datafield tag="852" ind1="0" ind2=" ">
   <subfield code="a">UPMNL</subfield>
   <subfield code="b">DENT</subfield>
   <subfield code="h">LG 993.5 2016 D4 A37</subfield>
  </datafield>
  <datafield tag="942" ind1=" " ind2=" ">
   <subfield code="a">Thesis</subfield>
  </datafield>
 </record>
</collection>
